000 00305nam a22001337a 4500
008 170911b xxu||||| |||| 00| 0 eng d
020 _a9781592532612
041 _aeng
080 _a52
100 _a42
101 _aAST
245 _aDESIGN ELEMENTS A GRAPHIC STYLE MANUAL
_cSAMARA,T
942 _2udc
_cBK
999 _c27103
_d27103